000 01349nam a2200325Ia 4500
001 ebr10409242
003 CaPaEBR
006 m u
007 cr cn|||||||||
008 071128s2010 stkab sb 001 0 eng d
020 _z9780748627509 (pbk.)
020 _z0748627502 (pbk.)
040 _aCaPaEBR
_cCaPaEBR
035 _a(OCoLC)664811146
050 1 4 _aJN956
_b.R525 2010eb
100 1 _aRobinson, Chris,
_d1958-
245 1 0 _aElectoral systems and voting in the United Kingdom
_h[electronic resource] /
_cChris Robinson.
260 _aEdinburgh :
_bEdinburgh University Press,
_cc2010.
300 _axii, 222 p. :
_bill., maps.
490 1 _aPolitics study guides series
504 _aIncludes bibliographical references (p. [217]-219) and index.
533 _aElectronic reproduction.
_bPalo Alto, Calif. :
_cebrary,
_d2010.
_nAvailable via World Wide Web.
_nAccess may be limited to ebrary affiliated libraries.
650 0 _aElections
_zGreat Britain.
650 0 _aRepresentative government and representation
_zGreat Britain.
651 0 _aGreat Britain
_xPolitics and government.
655 7 _aElectronic books.
_2local
710 2 _aebrary, Inc.
830 0 _aPolitics study guides.
856 4 0 _uhttp://site.ebrary.com/lib/rucke/Doc?id=10409242
_zAn electronic book accessible through the World Wide Web; click to view
999 _c80299
_d80299